<?xml version="1.0" encoding="UTF-8"?>
<record
    xmlns:xsi="http://www.w3.org/2001/XMLSchema-instance"
    xsi:schemaLocation="http://www.loc.gov/MARC21/slim http://www.loc.gov/standards/marcxml/schema/MARC21slim.xsd"
    xmlns="http://www.loc.gov/MARC21/slim">

  <leader>00478cam a22001692  4500</leader>
  <controlfield tag="001">ltf91047113 </controlfield>
  <controlfield tag="003">DLC</controlfield>
  <controlfield tag="005">20260227111553.0</controlfield>
  <controlfield tag="008">910429s1956    rm            000 0 rum  </controlfield>
  <datafield tag="010" ind1=" " ind2=" ">
    <subfield code="a">ltf91047113 </subfield>
  </datafield>
  <datafield tag="040" ind1=" " ind2=" ">
    <subfield code="a">DLC</subfield>
    <subfield code="c">DLC</subfield>
    <subfield code="d">DLC</subfield>
  </datafield>
  <datafield tag="050" ind1="0" ind2="0">
    <subfield code="a">4PC Rum 162</subfield>
  </datafield>
  <datafield tag="100" ind1="1" ind2=" ">
    <subfield code="a">Eminescu, Mihai,</subfield>
    <subfield code="d">1850-1889.</subfield>
  </datafield>
  <datafield tag="245" ind1="1" ind2="0">
    <subfield code="a">Poezii,</subfield>
    <subfield code="c">cu o prefa&#x21B;&#x103; de Mihail Sadoveanu.</subfield>
  </datafield>
  <datafield tag="260" ind1=" " ind2=" ">
    <subfield code="a">[Bucure&#x219;ti]</subfield>
    <subfield code="b">Editura de Stat Pentru Literatur&#x103; &#x219;i Art&#x103;</subfield>
    <subfield code="c">[1956?]</subfield>
  </datafield>
  <datafield tag="300" ind1=" " ind2=" ">
    <subfield code="a">282 p.</subfield>
  </datafield>
  <datafield tag="999" ind1=" " ind2=" ">
    <subfield code="c">37590</subfield>
    <subfield code="d">37590</subfield>
  </datafield>
</record>
